000 00676pam a2200229 a 4500
001 3924661
005 20180223074951.0
008 921026s1993 nyu b 001 0 eng
010 _a 92038190
020 _a0802773966
040 _aDLC
_cDLC
_dDLC
041 _aeng
080 _a371.9 ROS
082 0 0 _a371.9 ROS
_220
100 1 _a25
101 _aEDU
245 1 0 _aHelping children overcome learning difficulties /
_cJerome Rosner.
504 _aIncludes bibliographical references and index.
906 _a7
_bcbc
_corignew
_d1
_eocip
_f19
_gy-gencatlg
942 _2ddc
_cBK
999 _c43275
_d43275